Golden Wings Members by Part Quiz Stats

 Plays Quiz not verified by Sporcle

Score 0/21 Timer 11:00
0 Plays Today
Parts Members % Correct
The Beast, Evelyn, Jonny Chris Cherin
95.7%
Lumiere, William, EvelynJon Zeidler
95.7%
Oberon, The Beast, Ms. StrictThomas Randby
95.7%
Elizabeth, Hope, PortiaElizabeth Miller
95.7%
Maurice, Moonface Martin, Joseph MerrickEvan Weisblatt
91.3%
Anne Treves, Toffee, WardrobeLaura Baratta
87%
The Creature, Joe Ferone, GastonJeff Barth
87%
Mrs. Potts, Hope, Fairy SingerChelsea Laggan
82.6%
Puck, Lefou, The PurserRob McBride
82.6%
Jonny, Joseph Merrick, CogsworthFrankie Schweitzer
82.6%
Robert Walton, Sam ToddJeremy Applebaum
78.3%
Parts Members % Correct
Belle, Bonnie, MillieRachael Haber
78.3%
Frederick Treves, Eddie Flagrante, Monsieur d'ArqueBrandon Sherman
78.3%
Mrs. Potts, Ms. Strict, Mrs. HarcourtMadelyn Reilly
73.9%
Jose, Chuck, WhitneyKevin Christian
73.9%
Carolta, Toffee, RosieAlexis Federman
69.6%
Reno, JustineMichelle Ayrapetyan
65.2%
Jed Harper, Bottom, Bishop Henry T. DobsonBen Butz
65.2%
Cobweb, BonnieCaity MacNeill
60.9%
Quince, Carr GommCorey Forman
60.9%
Alan, Eddie Flagrante, Billy Bren Stackhouse
56.5%

You're not logged in!

Compare scores with friends on all Sporcle quizzes.
OR
Log In

Show Comments

Extras

Created Nov 16, 2010ReportNominate
Tags:gold, wing

Top Quizzes Today


Score Distribution

Your Account Isn't Verified!

In order to create a playlist on Sporcle, you need to verify the email address you used during registration. Go to your Sporcle Settings to finish the process.

Report this User

Report this user for behavior that violates our Community Guidelines.

Details: